00878na a2200217 450000100060000000300080000600500170001400800410003102000150007204000250008704100130011208200210012524501910014624600700033725000380040726000400044530000310048549001110051670000150062770000180064219904MIRAKIL20181213155127.0170125b tu 000 0  a9758112503 aMilasbturcTR-AnCHP aturaeng a327.17bG98 2006 aGüvenlik sektöründe demokratik gözetim: Türkiye ve dünya=bDemocratic eversight of the security sector: Turkey and the worldcCan Paker, ...[ve öte.]; editör Volkan Aytar aDemocratic eversight of the security sector: Turkey and the world agözd. gçrl. ve gnşl. 2. bs. aİstanbulbTESEV Yayınlarıc2006 a127 s.bres.; tbl.c29 sm. aDCAF-TESEV güvenlik sektörü çalışmaları dizisi=DCAF-TESEV series in security sector studiesv1 aPaker, Can aAytar, Volkan